Google apps (iOS) - Statistics

General Stats
  • This quiz has been taken 34 times
  • The average score is 23 of 66
Answer Stats
Answer % Correct
Maps
96%
Docs
87%
Google
87%
Drive
78%
Earth
78%
Sheets
78%
Slides
78%
YouTube
78%
Chrome
74%
Photos
74%
Gmail
65%
Hangouts
65%
Meet
65%
Translate
61%
Calendar
57%
Keep
57%
Classroom
52%
I/O
52%
Duo
48%
Play
48%
Street view
48%
One
43%
Analytics
39%
News
39%
Snapseed
39%
YouTube kids
39%
Assistant
35%
Authenticator
35%
Photoscan
35%
Photoscan
35%
YouTube music
35%
Art and culture
30%
Home
30%
Podcasts
30%
Tv
30%
Ads
26%
Tasks
26%
Chat
22%
Fit
22%
Playbooks
22%
Cardboard
17%
Gboard
17%
Jamboard
17%
Admin
13%
Wifi
13%
YouTube studios
13%
Android tv
9%
Bisinus
9%
Cameos
9%
Chromecast
9%
Cloud console
9%
Cloud search
9%
Creative preview
9%
Currents
9%
Desktop
9%
Device policy
9%
Family
9%
Form viewer
9%
Friendly pix
9%
Looker mobile
9%
Motion stills
9%
Primer
9%
Smart lock
9%
Smartwatch
9%
Spotlight
9%
Zync
9%
No matching quizzes found
Score Distribution
Percent of People with Each Score
Percentile by Number Answered
Your Score History
You have not taken this quiz